| 000 | 00527nam a2200181 i 4500 | ||
|---|---|---|---|
| 001 | 75329 | ||
| 003 | ES-MaACL | ||
| 005 | 20230906172418.0 | ||
| 007 | t| | ||
| 008 | 040923s1987 sp ||||1| spa d | ||
| 020 | _a84-239-5919-8 | ||
| 080 | _a(038)=134.2'373.42 | ||
| 245 | 0 | 0 | _aGran diccionario de sinónimos y antónimos. |
| 260 |
_aMadrid : _bEspasa-Calpe, _c1987. |
||
| 300 |
_a1319 p. ; _c26 cm. |
||
| 650 | 0 | 4 |
_aLengua española- _xSinónimos y antónimos- _vDiccionarios. _914187 |
| 852 |
_aES-MaACL _jG-1939 _bR.114904 |
||
| 999 |
_c75329 _d75329 |
||